Научные проблемы образования третьего тысячелетия. Вып. 4: По материалам IV Всероссийской научно-практической заочной конференции с международным участием "Научные проблемы образования третьего тысячелетия" (20 февраля 2011 года, г. Самара) (Запись № 4424054)

Подробности
000 -МАРКЕР
контрольное поле 01757nam2a22002531 4500
001 - ИДЕНТИФИКАТОР ЗАПИСИ
контрольное поле RU\NLR\Per\765648
005 - ИДЕНТИФИКАТОР ВЕРСИИ
контрольное поле 20260408030548.0
035 ## - ДРУГИЕ СИСТЕМНЫЕ НОМЕРА
Идентификатор записи (NLR Aleph) 003011287
100 ## - ДАННЫЕ ОБЩЕЙ ОБРАБОТКИ
Данные общей обработки 20110511d2011 |||y0rusy50 ca
101 0# - ЯЗЫК РЕСУРСА
Язык текста, звукозаписи и т.д. русский
102 ## - СТРАНА ПУБЛИКАЦИИ ИЛИ ПРОИЗВОДСТВА
Страна публикации Российская Федерация
105 ## - ПОЛЕ КОДИРОВАННЫХ ДАННЫХ: ТЕКСТОВЫЕ МАТЕРИАЛЫ, МОНОГРАФИЧЕСКИЕ
Кодированные данные о монографическом текстовом документе y ||||000|y
200 1# - ЗАГЛАВИЕ И СВЕДЕНИЯ ОБ ОТВЕТСТВЕННОСТИ
Основное заглавие По материалам IV Всероссийской научно-практической заочной конференции с международным участием "Научные проблемы образования третьего тысячелетия" (20 февраля 2011 года, г. Самара)
210 ## - ПУБЛИКАЦИЯ, РАСПРОСТРАНЕНИЕ И ДР.
Дата издания, распространения и т.д. 2011
Место издания, распространения и т.д. Б. м.
461 #0 - УРОВЕНЬ НАБОРА
Встроенное поле 001RU\NLR\INFOCOMM9\5000116750
-- 2001#$aНаучные проблемы образования третьего тысячелетия$eМежвуз. сб. тр. молодых ученых$fУн-т Рос. акад. образования, Самар. гос. пед. ун-т$vВып. 4
Системный номер (АБИС) связанной записи 4099126
Место публикации М.
Дата публикации 2002 -
Первые сведения об ответственности Ун-т Рос. акад. образования, Самар. гос. пед. ун-т
Имя издателя, распространителя и т.д. Изд-во УРАО
Сведения, относящиеся к заглавию Межвуз. сб. тр. молодых ученых
Заглавие Научные проблемы образования третьего тысячелетия
Номер тома Вып. 4
710 12 - НАИМЕНОВАНИЕ ОРГАНИЗАЦИИ - ПЕРВИЧНАЯ ОТВЕТСТВЕННОСТЬ
Начальный элемент ввода "Научные проблемы образования третьего тысячелетия", всероссийская научно-практическая заочная конференция с международным участием
Порядковый номер временной организации и / или порядковый номер ее части 4
Дата проведения временной организации 2011
Место проведения временной организации Самара
Идентификатор авторитетной/нормативной записи RU\NLR\AUTH\8810188332
Системный номер авторитетной/нормативной записи 869230
801 #1 - ИСТОЧНИК ЗАПИСИ
Страна Российская Федерация
Организация InfoComm
Дата составления 20051007
801 #0 - ИСТОЧНИК ЗАПИСИ
Страна Российская Федерация
Организация NLR
Правила каталогизации PSBO
852 ## - МЕСТОНАХОЖДЕНИЕ И ШИФР ХРАНЕНИЯ
Идентификатор организации NLR
Шифр хранения (Call Number) П28/2045
942 ## - ДОПОЛНИТЕЛЬНЫЕ ЭЛЕМЕНТЫ ЗАПИСИ (АБИС)
Тип экземпляра АБИС Выпуск
980 ## - КОЛЛЕКЦИЯ
Название коллекции Национальная библиография
980 ## - КОЛЛЕКЦИЯ
Название коллекции Русская периодика

Нет доступных экземпляров.